01309nam a2200313 a 4500001001000000003000900010005001700019007000300036008004100039020001500080040002500095041000800120082002200128245014900150260004300299300002000342504002800362590002500390650002300415650003800438650003600476710010500512710005000617910003700667942001400704952011600718952014400834999001700978000031309DO-SdBNP20250607073643.0ta110617s2005 dr ad 000 0 spa d a9275324115 aDO-SdBNPbspacBNPHU hspa 4a616.9 bG943c2220 aGuía clínica para el tratamiento de las enfermedades infecciosas en República Dominicana.bcolaboradores Virgen Gómez Alba ... [et al.] aSanto Domingo :bSESPAS :bOPS,c2005. a183 p. ;c18 cm aBibliografía : p. 185 aInventariado,2018/DG 4aInfecciones957759 4aInfecciones 957760xTratamiento  4aResistencia a las drogas9577611 aRepública Dominicana. b Secretaria de Estado de Salud Pública y Asistencia Social (2001)9565492 aOrganización Panamericana de la Salud91055 aValidado. Control de calidad MFF 2ddccLBS1 00102ddc51718PDaBNPHUbPDcHDd2011-06-17l0oBNPHU PD 616.9 G943cp31309-10r2020-06-25w2020-06-25yLFPD 00102ddc51718PDaBNPHUbPDcHDd2010-02-19eDonado por Amigo del Hogarl0oBNPHU PD 616.9 G943cp31309-20r2021-04-12w2021-04-12yLFPD c30801d30801